MARC

LEADER 00000nam0a2200000 4500
001 162781
005 20231031160540.0
020 |a RU  |b 87-85615 
035 |a (RuTPU)RU\TPU\book\176565 
090 |a 162781 
100 |a 20090626d1987 m y0rusy5003 ca 
101 0 |a rus 
102 |a RU 
105 |a a z 001zy 
200 1 |a Утилизация низкопотенциальных тепловых вторичных энергоресурсов на химических предприятиях  |f В. Г. Григоров [и др.] 
210 |a Москва  |c Химия  |d 1987 
215 |a 238 с.  |c ил. 
225 1 |a Экономия топлива и электроэнергии 
320 |a Библиогр.: с. 234-237. 
610 1 |a энергоресурсы 
610 1 |a утилизация 
610 1 |a химические предприятия 
610 1 |a тепловые процессы 
610 1 |a термодинамический анализ 
610 1 |a утилизаторы 
610 1 |a комплексные системы 
675 |a 66.013  |v 3 
701 1 |a Григоров  |b В. Г.  |g Виссарион Григорьевич 
701 1 |a Нейман  |b В. К.  |g Владимир Константинович 
701 1 |a Чураков  |b С. Д.  |g Сергей Дмитриевич 
701 1 |a Семенюк  |b Л. Г.  |g Леонид Гордеевич 
701 1 |a Пресич  |b Г. А.  |g Георгий Александрович 
801 0 |a RU  |b RuMRKP  |c 19950417  |g psbo 
801 1 |a RU  |b 63413507  |c 20090626  |g PSBO 
801 2 |a RU  |b 63413507  |c 20140421  |g PSBO 
942 |c BK